|
|
|
|
| LEADER |
00000cam a2200000 7i4500 |
| 001 |
0000008952 |
| 005 |
20071023093000.0 |
| 008 |
021119n |
| 020 |
|
|
|a 723418969
|
| 090 |
0 |
0 |
|a RM301.12
|b .P7 1993
|
| 245 |
0 |
0 |
|a Professional :
|b 1993 nursing drug reference
|c edited by Anne Joshua and Theo King ... [et al.]
|
| 260 |
2 |
|
|a London :
|b Mosby-Year Book Europe ,
|c c1993
|
| 300 |
|
|
|a xviii, 805 p. ; ;
|c 20 cm.
|
| 650 |
|
0 |
|a Drugs
|v Handbooks, manuals, etc.
|
| 650 |
|
0 |
|a Drugs
|x Dosage
|v Handbooks, manuals, etc.
|
| 650 |
|
0 |
|a Nursing
|v Handbooks, manuals, etc.
|
| 999 |
|
|
|a 1000052033
|b Book
|c Reference
|e Gong Badak Campus
|